000 00719cam a22002651a 4500
001 he 66000258
003 DLC
005 20260227111435.0
008 861009s1965 ru a 000 1 yid
010 _ahe 66000258
035 _a(OCoLC)19303369
040 _aDLC
_cMH
_dMU
_dDLC
042 _apremarc
050 0 0 _aPJ5129.S4316
_bE7
100 1 _aShechtman, Eli,
_d1908-
245 1 0 _aErev :
_broman /
_cʻEli Shekhṭman.
260 _aMosḳṿe :
_bSoṿeṭsḳi Pisaṭel,
_c1965.
300 _a235 p. :
_bill. ;
_c21 cm.
500 _aNovel.
500 _aRomanized record.
500 _aIn Yiddish.
500 _aColophon in Russian: Nakanune.
740 0 _aNakanune.
752 _aSoviet Union
_dMoscow
999 _c31505
_d31505